| 000 | 00407nam a2200145Ia 4500 | ||
|---|---|---|---|
| 003 | GCL | ||
| 008 | 140319s9999 xx 000 0 ara d | ||
| 040 |
_aGCL / _cGCL |
||
| 082 | 0 | 4 |
_aق _b962.05 _bم |
| 245 | 1 | 0 | _aالمسألة المصرية فى دورها الاخير |
| 300 | _a335 | ||
| 490 |
_aكتاب _v0 |
||
| 650 | 0 | 4 | _aمصر - تاريخ - العصر الحديث (1805 - 1956 ) |
| 942 |
_2ddc _cBK |
||
| 999 |
_c43289 _d43289 |
||